[Event "RUS-Cup03 Geller Memorial"]
[Site "Moscow"]
[Date "1999.02.14"]
[Round "5"]
[White "Frog, Ilya"]
[Black "Voitsekhovsky, Stanislav"]
[Result "1/2-1/2"]
[WhiteElo "2415"]
[BlackElo "2558"]
[PlyCount "137"]
[EventDate "1999.02.10"]
[EventType "swiss"]
[EventRounds "9"]
[EventCountry "RUS"]
[SourceTitle "CBM 070"]
[Source "ChessBase"]
[SourceDate "1999.06.08"]
[SourceVersion "1"]
[SourceVersionDate "1999.06.08"]
[SourceQuality "1"]

1. d4 Nf6 2. c4 g6 3. Nc3 Bg7 4. e4 d6 5. Nf3 0-0 6. Be3 Nbd7 7. Be2 e5 8. d5 Ng4 9. Bg5 f6 10. Bh4 h5 11. Nd2 Nh6 12. h3 a5 13. g4 hxg4 14. hxg4 Nf7 15. Qc2 Bh6 16. f3 Nc5 17. Bf2 Bd7 18. 0-0-0 a4 19. Kb1 Kg7 20. Rdg1 Rh8 21. Nf1 Bf4 22. Ng3 Qe7 23. Bd1 Ng5 24. Rf1 Nh3 25. Bxc5 dxc5 26. Qg2 Ng5 27. Rxh8 Rxh8 28. Rh1 Qe8 29. Nf1 a3 30. Rxh8 Qxh8 31. Ne2 Qh4 32. Nxf4 exf4 33. bxa3 Qe1 34. Qe2 Qc3 35. Nd2 Nf7 36. Nb3 Ba4 37. Nxc5 Bxd1 38. Qxd1 Ne5 39. Ne6+ Kf7 40. Qd4 Qe1+ 41. Kc2 Qe2+ 42. Qd2 Qxf3 43. Qh2 Qd3+ 44. Kc1 Qxc4+ 45. Kd1 Qf1+ 46. Kc2 Qd3+ 47. Kc1 Qxa3+ 48. Kd1 Qa4+ 49. Qc2 Qxc2+ 50. Kxc2 Ke7 51. Nxf4 g5 52. Ne6 Kd6 53. Kc3 b6 54. Kd4 c5+ 55. Kc3 Nxg4 56. Ng7 Nf2 57. Nf5+ Ke5 58. Ng3 b5 59. Kb3 Ng4 60. a4 bxa4+ 61. Kxa4 Kd4 62. Nh5 Ne5 63. Nxf6 g4 64. d6 g3 65. Nd5 g2 66. Nf4 g1N 67. Ne6+ Kxe4 68. Nf8 Ngf3 69. d7 1/2-1/2

[Event "RUS-Cup03 Geller Memorial"]
[Site "Moscow"]
[Date "1999.02.08"]
[Round "7"]
[White "Frog, Ilya"]
[Black "Iljushin, Alexei"]
[Result "0-1"]
[WhiteElo "2415"]
[BlackElo "2484"]
[PlyCount "87"]
[EventDate "1999.02.10"]
[EventType "swiss"]
[EventRounds "9"]
[EventCountry "RUS"]
[SourceTitle "CBM 070"]
[Source "ChessBase"]
[SourceDate "1999.06.08"]
[SourceVersion "1"]
[SourceVersionDate "1999.06.08"]
[SourceQuality "1"]

1. c4 c5 2. g3 Nc6 3. Bg2 g6 4. Nc3 Bg7 5. e3 Nf6 6. d4 cxd4 7. exd4 0-0 8. Nge2 d6 9. 0-0 Bf5 10. h3 h5 11. Be3 Qc8 12. Kh2 Nb4 13. Qb3 Nc2 14. Rac1 Nxe3 15. fxe3 Rb8 16. Nf4 Be6 17. Nxe6 Qxe6 18. Ne2 Qd7 19. Qa3 a6 20. b4 Rbc8 21. Nf4 e6 22. Qb3 Qc7 23. a4 g5 24. Nd3 h4 25. d5 hxg3+ 26. Kh1 exd5 27. cxd5 Qe7 28. Nb2 Rxc1 29. Rxc1 Ne4 30. Nd1 g4 31. Qc2 f5 32. Kg1 Qh4 33. Bxe4 fxe4 34. Qxe4 Qxh3 35. Qg2 Be5 36. Rc2 Rf3 37. Re2 Qh2+ 38. Qxh2 gxh2+ 39. Rxh2 Bxh2+ 40. Kxh2 Kf7 41. Kg2 Kf6 42. b5 axb5 43. axb5 Ke5 44. Nf2 0-1

[Event "RUS-Cup03 Geller Memorial"]
[Site "Moscow"]
[Date "1999.02.07"]
[Round "6"]
[White "Grachev, Boris V"]
[Black "Frog, Ilya"]
[Result "0-1"]
[WhiteElo "2192"]
[BlackElo "2415"]
[PlyCount "104"]
[EventDate "1999.02.10"]
[EventType "swiss"]
[EventRounds "9"]
[EventCountry "RUS"]
[SourceTitle "CBM 070"]
[Source "ChessBase"]
[SourceDate "1999.06.08"]
[SourceVersion "1"]
[SourceVersionDate "1999.06.08"]
[SourceQuality "1"]

1. e4 c6 2. Nc3 d5 3. Nf3 Bg4 4. h3 Bxf3 5. Qxf3 Nf6 6. g3 e6 7. d3 Bb4 8. Bd2 d4 9. Nb1 Qb6 10. b3 Bxd2+ 11. Nxd2 Qc5 12. Qd1 Na6 13. a3 Nc7 14. Bg2 Nb5 15. Nb1 Nc3 16. Nxc3 Qxc3+ 17. Ke2 Nd7 18. Qd2 Qc5 19. h4 Qe7 20. f4 Nc5 21. Kf2 h6 22. Bf3 0-0-0 23. a4 Na6 24. a5 Qb4 25. Ke2 Qb5 26. h5 Nb4 27. Ra4 c5 28. Bg4 Kb8 29. Bf3 Rd6 30. Kf2 Ra6 31. Rha1 Qd7 32. Rd1 Qc7 33. Rda1 e5 34. f5 Rd8 35. Kg2 Qe7 36. Rf1 Rdd6 37. Raa1 Qd8 38. g4 f6 39. Ra4 Rxa5 40. Rfa1 Rda6 41. Bd1 b5 42. Rxa5 Rxa5 43. Rxa5 Qxa5 44. c3 Nc6 45. b4 dxc3 46. Qxc3 Qxb4 47. Qc2 Nd4 48. Qa2 c4 49. dxc4 Qe1 50. Kh2 Qxd1 51. Qa6 Qc2+ 52. Kh3 Qxc4 0-1

[Event "Moscow-ch"]
[Site "Moscow"]
[Date "1999.??.??"]
[Round "7"]
[White "Frog, Ilya"]
[Black "Ageichenko, Genadi A"]
[Result "1/2-1/2"]
[WhiteElo "2415"]
[BlackElo "2343"]
[PlyCount "115"]
[EventDate "1999.??.??"]
[EventType "swiss"]
[EventRounds "9"]
[EventCountry "RUS"]
[SourceTitle "EXT 2001"]
[Source "ChessBase"]
[SourceDate "2000.11.22"]
[SourceVersion "1"]
[SourceVersionDate "2000.11.22"]
[SourceQuality "1"]

1. d4 Nf6 2. c4 g6 3. Nc3 Bg7 4. e4 d6 5. Nf3 0-0 6. Be3 c5 7. d5 e6 8. h3 exd5 9. exd5 Bf5 10. Bd3 Qd7 11. 0-0 Na6 12. Bf4 Rad8 13. Qb1 Bxd3 14. Qxd3 Nb4 15. Qd2 Qf5 16. Rad1 Rfe8 17. a3 Nd3 18. Bh2 Nxb2 19. Qxb2 Ne4 20. Rc1 Qf6 21. Be5 Rxe5 22. Nxe5 Qxe5 23. Rfe1 Qf4 24. Rxe4 Qxe4 25. Nxe4 Bxb2 26. Rb1 Bxa3 27. Rxb7 a5 28. Ra7 Bb2 29. Kf1 h6 30. g4 Be5 31. Rxa5 f5 32. gxf5 gxf5 33. Ng3 Bxg3 34. fxg3 Kf7 35. Ra7+ Kf6 36. Rh7 Kg5 37. Kg2 Ra8 38. h4+ Kg4 39. Rg7+ Kh5 40. Kf3 Ra4 41. Kf4 Rxc4+ 42. Kxf5 Rd4 43. Ke6 Rg4 44. Rd7 Rxg3 45. Kxd6 c4 46. Rc7 c3 47. Ke5 Kxh4 48. d6 Rd3 49. d7 c2 50. Rc4+ Kg5 51. Ke6 Re3+ 52. Kd6 Rd3+ 53. Kc7 h5 54. d8Q+ Rxd8 55. Kxd8 h4 56. Ke7 h3 57. Rxc2 Kg4 58. Kf6 1/2-1/2

[Event "Moscow-ch"]
[Site "Moscow"]
[Date "1999.??.??"]
[Round "3"]
[White "Frog, Ilya"]
[Black "Shchekachev, Andrei"]
[Result "1/2-1/2"]
[WhiteElo "2415"]
[BlackElo "2512"]
[PlyCount "81"]
[EventDate "1999.??.??"]
[EventType "swiss"]
[EventRounds "9"]
[EventCountry "RUS"]
[SourceTitle "EXT 2001"]
[Source "ChessBase"]
[SourceDate "2000.11.22"]
[SourceVersion "1"]
[SourceVersionDate "2000.11.22"]
[SourceQuality "1"]

1. d4 Nf6 2. c4 g6 3. Nc3 Bg7 4. e4 d6 5. Nf3 0-0 6. Be3 Na6 7. Be2 e5 8. d5 Ng4 9. Bg5 f6 10. Bh4 h5 11. Nd2 c5 12. h3 Nh6 13. g4 hxg4 14. hxg4 Nf7 15. Qc2 Nb4 16. Qb3 Bh6 17. 0-0-0 Kg7 18. Kb1 Bf4 19. Bg3 Rh8 20. Bxf4 exf4 21. a3 Na6 22. Nb5 Bd7 23. Qf3 g5 24. Rxh8 Qxh8 25. Rh1 Qg8 26. Qh3 Bxb5 27. cxb5 Nc7 28. a4 Re8 29. Bd3 Kf8 30. Nc4 Ke7 31. Qh7 Qxh7 32. Rxh7 Rh8 33. Rxh8 Nxh8 34. f3 b6 35. Kc2 Nf7 36. Kd2 Kd7 37. Kc3 Kc8 38. b4 cxb4+ 39. Kxb4 Ne5 40. Be2 Kd7 41. a5 1/2-1/2

[Event "Moscow-ch"]
[Site "Moscow"]
[Date "1999.??.??"]
[Round "1"]
[White "Vdovenkov, Vasilij"]
[Black "Frog, Ilya"]
[Result "0-1"]
[WhiteElo "2187"]
[BlackElo "2415"]
[PlyCount "132"]
[EventDate "1999.??.??"]
[EventType "swiss"]
[EventRounds "9"]
[EventCountry "RUS"]
[SourceTitle "EXT 2001"]
[Source "ChessBase"]
[SourceDate "2000.11.22"]
[SourceVersion "1"]
[SourceVersionDate "2000.11.22"]
[SourceQuality "1"]

1. Nf3 d5 2. d4 Nf6 3. Bg5 c6 4. Nbd2 Ne4 5. Bf4 Qb6 6. Nb3 Bf5 7. e3 a5 8. Rb1 e6 9. Bd3 a4 10. Nbd2 Nxd2 11. Qxd2 Bxd3 12. Qxd3 a3 13. b3 Qa6 14. Ke2 Nd7 15. Qxa6 Rxa6 16. c4 Bb4 17. c5 Nf6 18. Rbc1 0-0 19. Ne1 Bxe1 20. Rhxe1 Ra5 21. f3 Nd7 22. Rc3 f6 23. Bc7 Rb5 24. Rb1 Rc8 25. Bg3 e5 26. Be1 Nf8 27. b4 exd4 28. exd4 Ne6 29. Bf2 Ra8 30. g3 Ra4 31. Rcb3 b6 32. Be3 bxc5 33. dxc5 Nc7 34. Bd2 Rb8 35. Bf4 Re8+ 36. Re3 Rxe3+ 37. Bxe3 Nb5 38. Kd3 Kf7 39. Bd2 Ra8 40. Re1 h5 41. Bc3 g5 42. h3 Rg8 43. g4 Rh8 44. Re3 Rh7 45. Bd4 Rh8 46. Bc3 Rb8 47. Bd2 d4 48. Re2 Rh8 49. Rh2 Kg6 50. Re2 hxg4 51. hxg4 Kf7 52. Be1 Rh1 53. Ke4 Rf1 54. Bd2 Ke6 55. Rg2 Ra1 56. f4 Rxa2 57. f5+ Kd7 58. Kd3 Rb2 59. Rg1 Kc8 60. Re1 Kb7 61. Re7+ Ka6 62. Re1 a2 63. Ra1 Kb7 64. Bc1 Rb1 65. Rxa2 Rxc1 66. Rh2 Rc3+ 0-1

[Event "Moscow-ch"]
[Site "Moscow"]
[Date "1999.??.??"]
[Round "6"]
[White "Zhidkov, Valery S"]
[Black "Frog, Ilya"]
[Result "1/2-1/2"]
[WhiteElo "2395"]
[BlackElo "2415"]
[PlyCount "34"]
[EventDate "1999.??.??"]
[EventType "swiss"]
[EventRounds "9"]
[EventCountry "RUS"]
[SourceTitle "EXT 2001"]
[Source "ChessBase"]
[SourceDate "2000.11.22"]
[SourceVersion "1"]
[SourceVersionDate "2000.11.22"]
[SourceQuality "1"]

1. Nf3 d5 2. d4 Nf6 3. c4 c6 4. e3 Bf5 5. cxd5 cxd5 6. Qb3 Qb6 7. Nc3 e6 8. Qxb6 axb6 9. Bb5+ Nfd7 10. Nh4 Bg6 11. Nxg6 hxg6 12. Bd2 Nc6 13. Ke2 Bd6 14. h3 Ke7 15. Rhc1 Ra7 16. Bd3 Raa8 17. Bb5 Ra7 1/2-1/2

[Event "Moscow-ch op"]
[Site "Moscow"]
[Date "1998.??.??"]
[Round "7"]
[White "Grigoriants, Sergey"]
[Black "Frog, Ilya"]
[Result "1/2-1/2"]
[WhiteElo "2250"]
[BlackElo "2430"]
[PlyCount "114"]
[EventDate "1998.??.??"]
[EventType "swiss"]
[EventRounds "9"]
[EventCountry "RUS"]
[SourceTitle "EXT 2000"]
[Source "ChessBase"]
[SourceDate "1999.11.16"]
[SourceVersion "1"]
[SourceVersionDate "1999.11.16"]
[SourceQuality "1"]

1. e4 c6 2. d4 d5 3. exd5 cxd5 4. c4 Nf6 5. Nc3 e6 6. Nf3 Bb4 7. Bd3 dxc4 8. Bxc4 0-0 9. 0-0 Nbd7 10. Bg5 Bxc3 11. bxc3 Qc7 12. Qb3 b6 13. Rac1 Bb7 14. Be2 Ne4 15. Be3 Ndf6 16. Ne5 Rac8 17. c4 Rfd8 18. Rfd1 h6 19. Bf4 Qe7 20. Qa4 Ba8 21. h3 Ne8 22. Bh5 N8d6 23. Bf3 Nf5 24. d5 exd5 25. Bg4 Ned6 26. cxd5 Rxc1 27. Rxc1 Bxd5 28. Rd1 Ba8 29. Qc2 Rc8 30. Qd2 Re8 31. Nf3 Bxf3 32. Bxf3 Ne4 33. Qd7 Nh4 34. Qxe7 Rxe7 35. Rd8+ Kh7 36. Bd1 Ng6 37. Bb8 f5 38. Bb3 Ne5 39. Rd5 Nc6 40. Bf4 Nc5 41. Bc2 g6 42. Bd2 Ne4 43. Be1 Nf6 44. Rd1 Rd7 45. Rxd7+ Nxd7 46. Ba4 Nce5 47. Bc3 Nc5 48. Be8 Nc4 49. f3 Nd6 50. Bc6 Kg8 51. Be5 Nc8 52. Be8 Ne7 53. Bd6 Nc8 54. Be5 g5 55. g4 fxg4 56. hxg4 Kf8 57. Bg6 a5 1/2-1/2

[Event "Moscow-ch op"]
[Site "Moscow"]
[Date "1998.??.??"]
[Round "1"]
[White "Mitin, Andrej"]
[Black "Frog, Ilya"]
[Result "0-1"]
[WhiteElo "2235"]
[BlackElo "2430"]
[PlyCount "62"]
[EventDate "1998.??.??"]
[EventType "swiss"]
[EventRounds "9"]
[EventCountry "RUS"]
[SourceTitle "EXT 2000"]
[Source "ChessBase"]
[SourceDate "1999.11.16"]
[SourceVersion "1"]
[SourceVersionDate "1999.11.16"]
[SourceQuality "1"]

1. c4 g6 2. d4 Bg7 3. Nf3 Nf6 4. g3 c5 5. Bg2 cxd4 6. Nxd4 Nc6 7. 0-0 0-0 8. Nc3 a6 9. b3 Qb6 10. e3 d6 11. Bb2 Rb8 12. h3 Qa7 13. Qe2 Bd7 14. Rfd1 Nxd4 15. exd4 Rfe8 16. a4 Qb6 17. a5 Qc7 18. g4 Bc6 19. g5 Nh5 20. Nd5 Bxd5 21. Bxd5 b6 22. Bf3 Nf4 23. Qe3 e5 24. h4 bxa5 25. dxe5 dxe5 26. c5 e4 27. Bxg7 exf3 28. Qxf3 Kxg7 29. Ra4 Rb4 30. c6 Rxa4 31. bxa4 Re6 0-1

[Event "Moscow-2 "]
[Site "Moscow"]
[Date "1997.??.??"]
[Round "11"]
[White "Annakov, Babakuli"]
[Black "Frog, Ilya"]
[Result "1/2-1/2"]
[WhiteElo "2365"]
[BlackElo "2410"]
[PlyCount "20"]
[EventDate "1997.??.??"]
[EventType "tourn"]
[EventRounds "11"]
[EventCountry "RUS"]
[SourceTitle "EXT 2000"]
[Source "ChessBase"]
[SourceDate "1999.11.16"]
[SourceVersion "1"]
[SourceVersionDate "1999.11.16"]
[SourceQuality "1"]

1. d4 Nf6 2. c4 e6 3. Nc3 Bb4 4. e3 c5 5. a3 Bxc3+ 6. bxc3 b6 7. Bd3 Ba6 8. Ne2 Nc6 9. Ng3 Na5 10. Qe2 d6 1/2-1/2

[Event "Moscow-ch"]
[Site "Moscow"]
[Date "1997.??.??"]
[Round "9"]
[White "Dragomarezkij, Evgeni"]
[Black "Frog, Ilya"]
[Result "1-0"]
[WhiteElo "2475"]
[BlackElo "2410"]
[PlyCount "75"]
[EventDate "1997.??.??"]
[EventType "swiss"]
[EventRounds "9"]
[EventCountry "RUS"]
[SourceTitle "EXT 2000"]
[Source "ChessBase"]
[SourceDate "1999.11.16"]
[SourceVersion "1"]
[SourceVersionDate "1999.11.16"]
[SourceQuality "1"]

1. Nf3 c5 2. c4 Nf6 3. g3 b6 4. Bg2 Bb7 5. 0-0 g6 6. b3 Bg7 7. Bb2 0-0 8. Nc3 Na6 9. d4 d5 10. Ne5 e6 11. dxc5 Nxc5 12. cxd5 exd5 13. Nf3 Re8 14. Rc1 Rc8 15. Rc2 a6 16. Nd4 b5 17. Bh3 Rc7 18. e3 Nfe4 19. b4 Nxc3 20. Rxc3 Na4 21. Rxc7 Qxc7 22. Qd2 Nb6 23. Ba1 Nc4 24. Qc3 Qb6 25. Rc1 Bc8 26. Bg2 Bb7 27. Qe1 Ne5 28. Rd1 Rc8 29. Nb3 Rc2 30. Bd4 Qc7 31. Nc5 Nc4 32. Bxg7 Kxg7 33. Bxd5 Bxd5 34. Rxd5 Qc6 35. Qd1 Rb2 36. Qd4+ Kh6 37. g4 Nb6 38. g5+ 1-0

[Event "Moscow-ch"]
[Site "Moscow"]
[Date "1997.??.??"]
[Round "7"]
[White "Frog, Ilya"]
[Black "Baikov, Vladimir A"]
[Result "1/2-1/2"]
[WhiteElo "2410"]
[BlackElo "2455"]
[PlyCount "116"]
[EventDate "1997.??.??"]
[EventType "swiss"]
[EventRounds "9"]
[EventCountry "RUS"]
[SourceTitle "EXT 2000"]
[Source "ChessBase"]
[SourceDate "1999.11.16"]
[SourceVersion "1"]
[SourceVersionDate "1999.11.16"]
[SourceQuality "1"]

1. g3 Nf6 2. Bg2 d5 3. c4 g6 4. cxd5 Nxd5 5. Nc3 Nb6 6. Nf3 Bg7 7. 0-0 0-0 8. d3 Nc6 9. Be3 e5 10. Qd2 Nd4 11. Bh6 c6 12. Rfd1 Be6 13. Bxg7 Nxf3+ 14. Bxf3 Kxg7 15. Ne4 Bd5 16. Qc3 Qe7 17. Nd2 Bxf3 18. Nxf3 f6 19. Rac1 Rad8 20. Qa5 Nd5 21. a3 b6 22. Qa4 Rd6 23. e4 b5 24. Qc2 Nb6 25. d4 exd4 26. Rxd4 Rfd8 27. Rcd1 Nc4 28. a4 a6 29. Kg2 c5 30. Rxd6 Rxd6 31. Re1 Ne5 32. Nxe5 Qxe5 33. axb5 axb5 34. b3 Rd4 35. Re2 g5 36. Re3 Qd6 37. Qe2 c4 38. bxc4 bxc4 39. h4 h6 40. hxg5 hxg5 41. Qa2 Qe7 42. Qa8 Rd7 43. Qa5 Qe5 44. Qc3 Rc7 45. Kf3 Kf7 46. Qxe5 fxe5 47. Ke2 Ke6 48. Rf3 g4 49. Rf8 c3 50. Kd1 c2+ 51. Kc1 Rc4 52. Rg8 Rxe4 53. Kxc2 Rd4 54. Rf8 Kd5 55. f3 gxf3 56. Rxf3 Ke4 57. Rf1 Rd3 58. Re1+ Re3 1/2-1/2

[Event "Moscow-1"]
[Site "Moscow"]
[Date "1997.??.??"]
[Round "3"]
[White "Frog, Ilya"]
[Black "Iljushin, Alexei"]
[Result "1-0"]
[WhiteElo "2410"]
[BlackElo "2410"]
[PlyCount "111"]
[EventDate "1997.??.??"]
[EventType "tourn"]
[EventRounds "11"]
[EventCountry "RUS"]
[EventCategory "7"]
[SourceTitle "EXT 2000"]
[Source "ChessBase"]
[SourceDate "1999.11.16"]
[SourceVersion "1"]
[SourceVersionDate "1999.11.16"]
[SourceQuality "1"]

1. e4 e6 2. d4 d5 3. Nc3 Nf6 4. Bg5 Be7 5. e5 Nfd7 6. Bxe7 Qxe7 7. f4 a6 8. Nf3 c5 9. dxc5 Qxc5 10. Bd3 Nc6 11. Qe2 b5 12. Nd1 Bb7 13. Nf2 Nd4 14. Nxd4 Qxd4 15. Qg4 Qxb2 16. 0-0 g6 17. a4 b4 18. a5 Qd4 19. h4 0-0-0 20. Rfd1 Qc3 21. Qe2 Nc5 22. Qe3 Ne4 23. Rdb1 Qc5 24. Qxc5+ Nxc5 25. Rxb4 Kc7 26. Ra3 Bc6 27. Rc3 Nb7 28. Bxa6 Nxa5 29. Rc5 Rb8 30. Rxb8 Rxb8 31. Rxa5 Kb6 32. Ra2 Ra8 33. c4 Rxa6 34. Rxa6+ Kxa6 35. cxd5 exd5 36. Ng4 d4 37. Nh6 Bd5 38. f5 d3 39. Kf2 gxf5 40. Ke3 Kb5 41. Kxd3 Bxg2 42. Ke3 Bd5 43. Kf4 Be6 44. Ng8 Kc5 45. Nf6 h6 46. Ng8 f6 47. Nxf6 Kc6 48. Nh5 Kd7 49. Ng7 Bf7 50. Nxf5 h5 51. Ng7 Ke7 52. Kf5 Bb3 53. e6 Bd1 54. Ke5 Bg4 55. Nf5+ Kf8 56. Kf6 1-0

[Event "Moscow-1"]
[Site "Moscow"]
[Date "1997.??.??"]
[Round "7"]
[White "Frog, Ilya"]
[Black "Komliakov, Viktor"]
[Result "1/2-1/2"]
[WhiteElo "2410"]
[BlackElo "2460"]
[PlyCount "34"]
[EventDate "1997.??.??"]
[EventType "tourn"]
[EventRounds "11"]
[EventCountry "RUS"]
[EventCategory "7"]
[SourceTitle "EXT 2000"]
[Source "ChessBase"]
[SourceDate "1999.11.16"]
[SourceVersion "1"]
[SourceVersionDate "1999.11.16"]
[SourceQuality "1"]

1. d4 d5 2. c4 c6 3. Nc3 Nf6 4. Nf3 a6 5. cxd5 cxd5 6. Bf4 Nc6 7. Ne5 Bd7 8. e3 e6 9. Bd3 Be7 10. 0-0 0-0 11. Nxd7 Nxd7 12. Rc1 Rc8 13. Bb1 Nf6 14. Na4 Bd6 15. Bxd6 Qxd6 16. Nc5 Rc7 17. Qd2 Rfc8 1/2-1/2

[Event "Moscow-ch"]
[Site "Moscow"]
[Date "1997.??.??"]
[Round "6"]
[White "Notkin, Maksim"]
[Black "Frog, Ilya"]
[Result "1-0"]
[WhiteElo "2515"]
[BlackElo "2410"]
[PlyCount "103"]
[EventDate "1997.??.??"]
[EventType "swiss"]
[EventRounds "9"]
[EventCountry "RUS"]
[SourceTitle "EXT 2000"]
[Source "ChessBase"]
[SourceDate "1999.11.16"]
[SourceVersion "1"]
[SourceVersionDate "1999.11.16"]
[SourceQuality "1"]

1. d4 d5 2. c4 e6 3. Nc3 Be7 4. Nf3 Nf6 5. Bg5 h6 6. Bh4 b6 7. e3 0-0 8. Be2 Bb7 9. Bxf6 Bxf6 10. cxd5 exd5 11. b4 c5 12. bxc5 bxc5 13. Rb1 cxd4 14. Nxd4 Ba6 15. 0-0 Qa5 16. Ncb5 Bxb5 17. Rxb5 Qxa2 18. Bf3 Bxd4 19. Qxd4 Nc6 20. Qxd5 Qxd5 21. Bxd5 Rac8 22. Rb7 a5 23. h3 Nb4 24. Bf3 Rc5 25. Rd1 g6 26. g4 Na2 27. Rdd7 Nc3 28. Ra7 a4 29. Kg2 Rc4 30. Re7 Rb4 31. h4 Rb3 32. Be4 Nxe4 33. Rxe4 a3 34. Rea4 Rfb8 35. Rxa3 Rxa3 36. Rxa3 Rb4 37. Kg3 Kg7 38. f4 Rb1 39. Ra5 Rg1+ 40. Kf3 Rh1 41. h5 gxh5 42. Rxh5 Rg1 43. g5 hxg5 44. Rxg5+ Rxg5 45. fxg5 Kg6 46. Kg4 Kh7 47. Kf5 Kg7 48. e4 Kf8 49. Kf6 Ke8 50. Kg7 Ke7 51. e5 Ke8 52. e6 1-0

[Event "Moscow-1"]
[Site "Moscow"]
[Date "1997.??.??"]
[Round "4"]
[White "Odeev, Handszar"]
[Black "Frog, Ilya"]
[Result "1/2-1/2"]
[WhiteElo "2420"]
[BlackElo "2410"]
[PlyCount "79"]
[EventDate "1997.??.??"]
[EventType "tourn"]
[EventRounds "11"]
[EventCountry "RUS"]
[EventCategory "7"]
[SourceTitle "EXT 2000"]
[Source "ChessBase"]
[SourceDate "1999.11.16"]
[SourceVersion "1"]
[SourceVersionDate "1999.11.16"]
[SourceQuality "1"]

1. e4 e5 2. Nf3 Nf6 3. Nxe5 d6 4. Nf3 Nxe4 5. Nc3 Nxc3 6. dxc3 Nc6 7. Be3 Bf5 8. Bb5 a6 9. Nd4 axb5 10. Nxf5 Qd7 11. Qf3 d5 12. Bd4 Nxd4 13. cxd4 g6 14. Ne3 Bg7 15. c3 c6 16. 0-0 0-0 17. a3 Rfe8 18. Rfe1 Re4 19. Nc2 Rae8 20. Qd3 Bh6 21. f3 Rxe1+ 22. Rxe1 Rxe1+ 23. Nxe1 Qe6 24. Kf1 Bf4 25. g3 Bc1 26. Qc2 Qh3+ 27. Ng2 Qxh2 28. f4 Qh1+ 29. Kf2 h5 30. Qe2 Kf8 31. Qc2 g5 32. Qf5 gxf4 33. gxf4 Bxb2 34. Qc8+ Kg7 35. Qf5 f6 36. Qd7+ Kg6 37. Qe8+ Kf5 38. Kg3 Qg1 39. Qxh5+ Ke6 40. Qe8+ 1/2-1/2

[Event "Moscow GM4"]
[Site "Moscow"]
[Date "1996.??.??"]
[Round "?"]
[White "Frog, Ilya"]
[Black "Moskalenko, Viktor"]
[Result "0-1"]
[WhiteElo "2380"]
[BlackElo "2480"]
[PlyCount "50"]
[EventDate "1996.??.??"]
[EventType "tourn"]
[EventRounds "13"]
[EventCountry "RUS"]
[EventCategory "7"]
[SourceTitle "EXT 2000"]
[Source "ChessBase"]
[SourceDate "1999.11.16"]
[SourceVersion "1"]
[SourceVersionDate "1999.11.16"]
[SourceQuality "1"]

1. e4 e6 2. d4 d5 3. Nc3 Bb4 4. Bd2 Ne7 5. exd5 exd5 6. Nce2 Bd6 7. Ng3 c5 8. dxc5 Bxc5 9. b4 Bb6 10. Bd3 Nbc6 11. Nf3 Bg4 12. h3 Bxf3 13. Qxf3 Ne5 14. Bb5+ N7c6 15. Qh5 Bxf2+ 16. Kxf2 Qb6+ 17. Be3 Qxb5 18. Rhe1 Qxb4 19. c3 Qb2+ 20. Kg1 0-0 21. Nf5 Ng6 22. Rec1 Rfe8 23. Rab1 Qa3 24. Rb3 Qxa2 25. Rxb7 Rxe3 0-1

[Event "Moscow GM4"]
[Site "Moscow"]
[Date "1996.??.??"]
[Round "?"]
[White "Khatanbaatar, Bazar"]
[Black "Frog, Ilya"]
[Result "0-1"]
[WhiteElo "2425"]
[BlackElo "2380"]
[PlyCount "76"]
[EventDate "1996.??.??"]
[EventType "tourn"]
[EventRounds "13"]
[EventCountry "RUS"]
[EventCategory "7"]
[SourceTitle "EXT 2000"]
[Source "ChessBase"]
[SourceDate "1999.11.16"]
[SourceVersion "1"]
[SourceVersionDate "1999.11.16"]
[SourceQuality "1"]

1. e4 c6 2. d4 d5 3. Nd2 dxe4 4. Nxe4 Nf6 5. Nxf6+ exf6 6. c3 Bf5 7. Bc4 Bd6 8. Ne2 0-0 9. 0-0 b5 10. Bb3 Re8 11. Ng3 Be6 12. Bxe6 fxe6 13. a4 Bxg3 14. hxg3 Qd5 15. axb5 cxb5 16. Re1 a5 17. g4 Nc6 18. Re3 a4 19. Qe2 Na5 20. Rh3 Nb3 21. Rb1 e5 22. dxe5 Rxe5 23. Be3 Rd8 24. Rh5 g5 25. Re1 Qe4 26. Rh1 Rd2 27. Qf1 Rxb2 28. Rd1 Rd5 29. Kh2 a3 30. c4 bxc4 31. Qe1 a2 32. Qb4 Qe5+ 33. Kh3 a1Q 34. Rxa1 Nxa1 35. Qxc4 Nc2 36. Rc1 h5 37. Rxc2 hxg4+ 38. Kxg4 Qf5+ 0-1

[Event "Moscow GM4"]
[Site "Moscow"]
[Date "1996.??.??"]
[Round "?"]
[White "Kiselev, Sergey"]
[Black "Frog, Ilya"]
[Result "1/2-1/2"]
[WhiteElo "2525"]
[BlackElo "2380"]
[PlyCount "88"]
[EventDate "1996.??.??"]
[EventType "tourn"]
[EventRounds "13"]
[EventCountry "RUS"]
[EventCategory "7"]
[SourceTitle "EXT 2000"]
[Source "ChessBase"]
[SourceDate "1999.11.16"]
[SourceVersion "1"]
[SourceVersionDate "1999.11.16"]
[SourceQuality "1"]

1. d4 d5 2. c4 e6 3. Nf3 Nf6 4. Nc3 c5 5. cxd5 Nxd5 6. e4 Nxc3 7. bxc3 cxd4 8. cxd4 Nc6 9. Bc4 b5 10. Bd3 Bb4+ 11. Bd2 Bxd2+ 12. Qxd2 a6 13. 0-0 0-0 14. d5 Ne7 15. a4 bxa4 16. Rxa4 a5 17. Rfa1 exd5 18. exd5 Qxd5 19. Rd4 Qc5 20. Rc1 Qb6 21. Rb1 Qh6 22. Rh4 Qxd2 23. Bxh7+ Kh8 24. Nxd2 g5 25. Rh5 Bg4 26. Rxg5 Kxh7 27. Rxg4 a4 28. Ra1 a3 29. Rc4 Rfd8 30. Nb3 Rd3 31. Nc5 Rd2 32. g3 Nd5 33. Rh4+ Kg6 34. Rg4+ Kf5 35. Rg5+ Kxg5 36. Ne4+ Kf5 37. Nxd2 a2 38. Kg2 Ra3 39. Nc4 Ra4 40. Nd6+ Ke6 41. Nb5 Kd7 42. h4 Kc6 43. Nd4+ Rxd4 44. Rxa2 Kd6 1/2-1/2

[Event "Moscow GM4"]
[Site "Moscow"]
[Date "1996.??.??"]
[Round "?"]
[White "Novichkov, Vadim"]
[Black "Frog, Ilya"]
[Result "1-0"]
[WhiteElo "2380"]
[BlackElo "2380"]
[PlyCount "87"]
[EventDate "1996.??.??"]
[EventType "tourn"]
[EventRounds "13"]
[EventCountry "RUS"]
[EventCategory "7"]
[SourceTitle "EXT 2000"]
[Source "ChessBase"]
[SourceDate "1999.11.16"]
[SourceVersion "1"]
[SourceVersionDate "1999.11.16"]
[SourceQuality "1"]

1. e4 e5 2. Nf3 Nf6 3. Nxe5 d6 4. Nf3 Nxe4 5. Qe2 Qe7 6. d3 Nf6 7. Bg5 Qxe2+ 8. Bxe2 Be7 9. Nc3 c6 10. d4 d5 11. 0-0-0 Be6 12. Bd3 h6 13. Bh4 Nbd7 14. Rhe1 Nh5 15. Rxe6 fxe6 16. Bg6+ Kd8 17. Bxh5 Bxh4 18. Nxh4 Rf8 19. Re1 g5 20. Nf3 Ke7 21. h3 Kd6 22. Bg6 Rf6 23. Bd3 Re8 24. Nd1 e5 25. dxe5+ Nxe5 26. Nxe5 Rxe5 27. Kd2 c5 28. c3 Rxe1 29. Kxe1 Ke5 30. Ne3 Rb6 31. b3 h5 32. Be2 Rh6 33. Bf3 Ra6 34. Bxd5 Rxa2 35. Bxb7 Ra1+ 36. Kd2 Ra2+ 37. Kd3 Rxf2 38. Bf3 Rxf3 39. gxf3 Kf4 40. Ke2 Kg3 41. c4 Kxh3 42. Kf2 Kh2 43. Nf1+ Kh3 44. Ng3 1-0